| 000 | 00989nam a22003137a 4500 | ||
|---|---|---|---|
| 003 | EG-ScBUE | ||
| 005 | 20220125104254.0 | ||
| 008 | 101107s1999 ii f 000 d eng d | ||
| 020 | _a8174762337 | ||
| 020 | _a9788174762337 | ||
| 040 |
_aEG-ScBUE _beng _erda _cEG-ScBUE _dEG-ScBUE |
||
| 082 | 0 | 4 |
_a822.33 _bSHA _222 |
| 100 | 1 |
_97572 _aShakespeare, William, _d1564-1616, _eauthor. |
|
| 245 | 1 | 0 |
_aMeasure for measure / _cWilliam Shakespeare, Praveen Bhatia. |
| 250 | _aSpecial edition. | ||
| 264 | 1 |
_aNew Delhi : _bUBSPD Publishers, _c1999. |
|
| 300 |
_a317 pages ; _c21 cm |
||
| 336 |
_2rdacontent _atext _btxt |
||
| 337 |
_2rdamedia _aunmediated _bn |
||
| 338 |
_2rdacarrier _avolume _bnc |
||
| 650 | 7 |
_aBrothers and sisters _vDrama. _2BUEsh |
|
| 650 | 7 |
_aCorruption _vDrama. _2BUEsh |
|
| 650 | 7 |
_aChastity _vDrama. _2BUEsh |
|
| 651 | _2BUEsh | ||
| 653 |
_bHHUUEENN _cJanuary2021 |
||
| 655 |
_vReading book _934232 |
||
| 700 | 1 |
_921007 _aBhatia , Praveen, _eauthor. |
|
| 942 |
_2ddc _cBB |
||
| 999 |
_c14817 _d14817 |
||